000 00381nam a2200145Ia 4500
005 20250729165737.0
008 250729s2014 xx 000 0 und d
041 _aeng
082 _a340.25 LAKP
100 _aM V Lakshmi Reddy
_9231915
245 _aPopulation Education
260 _aNew Delhi
_bA P H PUBLISHING
_c2014
300 _a122p
650 _aPopultion Education
_9231916
999 _c239521
_d239521